Textbook of strength of materials/ (Record no. 193009)

MARC details
000 -LEADER
fixed length control field 00515nam a22001817a 4500
005 - DATE AND TIME OF LATEST TRANSACTION
control field 20221012165939.0
010 ## - LCCN (DPL NO)
LC control number ENG-135375
020 ## - INTERNATIONAL STANDARD BOOK NUMBER
Terms of availability 695.00
International Standard Book Number 9789352533695
035 ## - SYSTEM CONTROL NUMBER
System control number EN-118907
037 ## - SOURCE OF ACQUISITION
Source of stock number/acquisition DBAD/PUB
082 ## - DEWEY DECIMAL CLASSIFICATION NUMBER
Classification number 620.112
100 ## - MAIN ENTRY--PERSONAL NAME
Personal name Rajpur, R.K.
245 ## - TITLE STATEMENT
Title Textbook of strength of materials/
Statement of responsibility, etc R.K. Rajput
260 ## - PUBLICATION, DISTRIBUTION, ETC. (IMPRINT)
Date of publication, distribution, etc 1998
Name of publisher, distributor, etc S.Chand and company Ltd.
Place of publication, distribution, etc New Delhi
270 ## - ADDRESS
City New Delhi
Address Ram Nagar
Postal code 110055
300 ## - PHYSICAL DESCRIPTION
Extent 1294p.
Dimensions 24cm(Pbk)
942 ## - ADDED ENTRY ELEMENTS (KOHA)
Source of classification or shelving scheme Dewey Decimal Classification
Item type English Books
Call number suffix RAJ
Classification part 620.112
Holdings
Withdrawn status Lost status Not for loan Collection code Home library Current library Date acquired Source of acquisition Cost, normal purchase price Full call number Barcode Copy number Cost, replacement price Koha item type
      Non-fiction Kadipur Kadipur 12/10/2022 DBAD/PUB 695.00 620.112 RAJ EN-118907 1 695.00 English Books

© Delhi Public Library
Hit Counter
free hit counter